00278 a2200109 4500020001500000082001300015100001600028245004300044260005900087300000800146500001400154 a0706989201 a658.4013 aAnand, K. K aQuality Management HandbookcK K Anand aNew Delhi, IndiabVikas Publishing House PVT LTDc1995 a290 ahardcover